000 00531cam a2200181 4500
020 _a0060451912
082 0 0 _a552.5
_bPET
_cL-38, P-126.:
100 1 _aPettijohn, F. J.
_925533
245 1 0 _aSedimentary rocks
_c[by] F. J. Pettijohn.
250 _a3d ed.
260 _aNew York,
_bHarper & Row
_c[1975]
300 _axii, 628 p.
_billus.
_c26 cm.
526 _a0
_b0
_c0
_d552_500000000000000_PET
650 0 _aMCE
_9379
650 0 _aSedimentary rocks.
_925534
650 0 _aSedimentation and deposition.
_925535
942 _2ddc
_cBK
999 _c544660
_d544660